000 00474nam a2200181Ia 4500
001 11579
005 20260306162838.0
008 260306t2006||||xx |||||||||||||| ||spa||
041 _aESP
082 _a985.4
_bE86
100 _aLópez de Romaña Jenkins, Martín
_eAUT
245 0 _aEl espíritu del lugar:
_bnaturaleza y arquitectura en Arequipa
260 _c2006
300 _a159 páginas :
_c27 cm.
650 _aGEN
654 _aCHU
942 _cLIB
_dJUS
_fJUS
_2ddc
_n
999 _c11579
_d11579